Biblioteca

Ritos de paso / William Golding (Registro nro. 40322)

Detalles MARC
000 -LÍDER
Campo fijo de descripción fija 003790000a22001570004500
020 ## - NÚMERO INTERNACIONAL NORMALIZADO PARA LIBROS
Número Internacional Normalizado del libro 84-206-3096-9
041 0# - CÓDIGO DE IDIOMA
Código de idioma para texto/pista de sonido o título separado
082 04 - NÚMERO DE CLASIFICACIÓN DECIMAL DEWEY
Número de clasificación G 823 G6192r
001 - NÚMERO DE CONTROL
Campo de control 10917
100 1# - ASIENTO PRINCIPAL--NOMBRE PERSONAL
Nombre personal Golding, William (1911- )
245 10 - TÍTULO
Título del Material Ritos de paso / William Golding
260 ## - PUBLICACIÓN, DISTRIBUCIÓN, ETC. (PIE DE IMPRENTA)
Lugar de publicación, distribución, etc. Madird, España : Alianza
300 ## - DESCRIPCIÓN FÍSICA
Extensión 278 Pag
500 ## - NOTA GENERAL
Nota General Titulo original : Rites of passages
942 ## - TIPO DE MATERIAL (KOHA)
Tipo de Item KOHA Libros General
Existencias
Estado de Material Estado de Perdido Estado de Dañado No para Préstamo Colección Tomo Biblioteca de Origen Biblioteca Permanente Fecha de Adquisición Total de Préstamos Signatura Topográfica Código de Barras Última vez visto Ejemplar/Existencia Fecha de Remplazo Tipo de Material
        Colección General   Biblioteca FUSBC Biblioteca FUSBC 25/01/2005   G 823 G6192r 10066 12/12/2019 1 26/01/2016 Libros General

Biblioteca FUSBC | Teléfono: (57+4) 349 88 10 Ext. 141| WhatsApp (+57) 3005338115 
E-mail: biblioteca@unisbc.edu.co | Calle 76 87-14 Robledo Palenque, Medellín, Colombia

Con tecnología Koha